000 00700nam a2200121Ia 4500
008 220620s9999||||xx |||||||||||||| ||und||
100 _aKernbauer, Eva
245 0 _aArt, history, and anachronic interventions since 1990
546 _aEnglish[eng]
650 _aanachronism||artworks||art history||art theory||chronology||contemporary art||documentary||film||future||heterochrony||historiography||methodology||painting||past||performance||political agency||post-histoire||present||social identity||time||video||visual art
856 _uhttps://library.oapen.org/bitstream/20.500.12657/50518/1/9781000467666.pdf||https://library.oapen.org/bitstream/20.500.12657/50518/1/9781000467666.pdf
942 _cEB
999 _c21461
_d21461